000 00533nam a2200193Ia 4500
999 _c1513
_d1513
003 OSt
005 20200922151846.0
008 190216s9999||||xx |||||||||||||| ||und||
020 _a9788121908283
040 _coclc
082 _a588
_bVAS/B
100 _aVashishta, P C
_94771
245 0 _aBotany For Degree Students:
_bPteridophyta /
_cP C Vashishta
250 _a5th Ed.
260 _bS Chand & Co,
_c2003.
_aNew Delhi:
300 _a509p
650 _aBotany
942 _cBK
_2ddc
_h588
_iVAS/B
_k588
_mVAS/B